[Event "WchT 4th"]
[Site "Luzern"]
[Date "1997.10.29"]
[Round "5.1"]
[White "Bareev, Evgeny"]
[Black "Kotsur, Pavel"]
[Result "0-1"]
[WhiteElo "2670"]
[BlackElo "2500"]
[Annotator "Ribli,Z"]
[PlyCount "82"]
[EventDate "1997.10.25"]
[EventType "team-tourn"]
[EventRounds "9"]
[EventCountry "SUI"]
[SourceTitle "CBM 062"]
[Source "ChessBase"]
[SourceDate "1998.01.31"]
[SourceVersion "1"]
[SourceVersionDate "1998.01.31"]
[SourceQuality "1"]
[WhiteTeam "Russia"]
[BlackTeam "Kazakhstan"]
[WhiteTeamCountry "RUS"]
[BlackTeamCountry "KAZ"]

1. c4 Nf6 2. Nc3 e5 3. Nf3 Nc6 4. d4 exd4 5. Nxd4 Bb4 6. g3 {Nach meiner
persönlichen Meinung bietet diese Variante Weiß keinen Eröffnungsvorteil. Wenn
Weiß 4.d4 spielt, muß er mit 6.Bg5 fortsetzen. Ribli.} (6. Bg5 h6 7. Bh4 O-O 8.
Rc1 Ne5 $146 9. a3 (9. e3 $5) 9... Bxc3+ 10. Rxc3 b6 (10... Ng6 11. Bxf6 Qxf6
12. g3 $14 {[%cal Gf1g2,Gg2a8]}) 11. f3 {Weiß möchte mit möglichem 12.e4 ein
starkes Bauernzentrum aufbauen. Ribli.} Ng6 12. Bg3 c5 (12... d5 13. c5 $36)
13. Nb5 d5 14. cxd5 Qxd5 15. Rd3 $5 (15. Qxd5 Nxd5 16. Rd3 $14) 15... Qc6 16.
Nc7 $5 (16. Nc3) 16... Rb8 {[%cal Gg3b8]} 17. Rd6 Qxc7 $6 (17... Qb7 $5) 18.
Rxf6 Qb7 19. Rd6 Be6 20. e4 Ne7 $6 (20... b5) 21. Bb5 $1 $16 (21. Rxe6 $6 $11 {
Das war in einer Partie Horvath,Cs - Farago,I Ung. Mannschaftsmeisterschaft
1997. Ribli.})) 6... O-O {Das ist eine ruhige Fortsetzung, aber die
Springerzüge sind auch interessant. Ribli.} (6... Ne5 7. Qb3 Bc5 8. Be3 d6 9.
Na4 $146 (9. h3 O-O 10. Bg2 Qe7 11. O-O c6 12. Rfd1 h6 13. Na4 Bxd4 14. Bxd4
Be6 15. Bxe5 dxe5 $11 {1/2-1/2 Cifuentes Parada,R-Brenninkmeijer,J/Dieren op 
(07) ;EXT 89op 1989 (48)}) 9... O-O 10. Nxc5 dxc5 11. Nf3 Nxf3+ 12. exf3 b6 13.
Bg2 Bb7 14. O-O Qd6 15. Rad1 Qc6 $11 {1/2-1/2 Krasenkow,M-Gelfand,B/Rubinstein
mem 34th 1997 (35)}) (6... Ne4 7. Qd3 Nxd4 8. Qxd4 Nxc3 9. Bd2 O-O 10. Bxc3
Bxc3+ 11. Qxc3 Re8 12. Bg2 Rb8 13. e3 b5 14. cxb5 Rxb5 15. O-O Bb7 16. Bxb7
Rxb7 17. Rfd1 $14 {1/2-1/2 Claesen,P-Ljubojevic,L/Lost Boys op 1997 (23)}) 7.
Bg2 Re8 8. O-O Bxc3 9. bxc3 Qe7 $146 {Weiß hat das Läuferpaar, Schwarz einige
Probleme mit der Entwicklung des c8-Läufers. Anderseits hat Schwarz keine
Schwächen und die weißen Doppelbauern sind immer schwach. Ribli.} (9... Ne5 10.
Qb3 (10. c5 d5 (10... Ng6 $2 11. Qd3 a6 12. Rb1 Qe7 13. Bg5 Rb8 14. Qf3 Qxc5
15. Bxf6 gxf6 16. Qxf6 Qe5 17. Qf3 b5 18. e4 c5 19. Nf5 d5 20. Rfe1 Bxf5 21.
exf5 Qxe1+ 22. Rxe1 Rxe1+ 23. Bf1 Ne5 24. Qxd5 Re8 {1-0 Mellado Travino,
J-Joanpera Morales,A/ESP-chT 1997/EXP 60}) (10... Qe7 11. Bg5 Qxc5 12. Bxf6
gxf6 13. e4 d6 14. h3 Qxc3 15. Rc1 Qa5 16. Qh5 c5 $13 {Kwatschewsky,L-Hager,F/
Vienna op 1986/CBM 01/1-0 (50)}) 11. cxd6 Qxd6 12. a4 c6 13. Qb3 a5 14. Ba3 Qc7
15. Rfd1 h5 {0-1 Mellado,J-Spraggett,K/Manresa 1995/CBM 49/[King] (42)}) 10...
d6 11. h3 c5 12. Nc2 Be6 13. Ne3 Rb8 14. Nd5 b5 15. Bg5 Nxc4 16. Bxf6 gxf6 17.
Qc2 Bxd5 18. Bxd5 Qd7 19. Kh2 Re5 20. Bg2 d5 {1/2-1/2 Engels,L-Saemisch,F/
Dresden 1936/HCL 17 (32)}) 10. Qa4 $6 (10. Qb3 $5 Ne4 (10... Nxd4 $6 11. cxd4
Qxe2 12. Bg5 $44) 11. Ba3 d6 (11... Nc5 12. Qb5 {[%cal Ra3e7]}) 12. Rfd1) (10.
Bg5 $5) 10... Ne4 $15 {[%csl Ra4,Rc3,Rc4,Ge4] Mit diesem Zug übernimmt Schwarz
die Führung.Es ist nicht leicht für Weiß, aktives Spiel zu finden. Er bleibt
mit Bauernschwächen zurück. Ribli.} 11. Qc2 d6 12. Nxc6 bxc6 13. Be3 c5 14.
Rac1 (14. Rab1 Bd7 $15 {[%cal Gd7c6]}) 14... Bd7 15. Qb3 Bc6 {[%csl Gc6] Der
schwarze Läufer steht ausgezeichnet auf der Diagonalen und verhindert das
mögliche Eindringen am Damenflügel. Ribli.} 16. Qa3 a5 17. Rfe1 Qe6 $17 {
[%csl Rc4]} 18. Bf4 {Weiß kann seinen c4-Bauern nicht halten. Ribli.} (18. Qb3
Reb8 $17 (18... a4 $17)) 18... Qxc4 19. h4 {Ich kann nicht sehen, wie Weiß
seine Stellung verbessern kann. Ribli.} Bd5 {[%csl Ra2]} 20. f3 Nf6 21. Rc2 Nh5
{[%csl Rf4,Rg3] Weiß hat nicht nur einen Bauern weniger, sondern auch
Schwächen in der ganzen Stellung. Ribli.} 22. e4 Bc6 23. Qc1 f5 $1 24. e5 (24.
exf5 Rxe1+ 25. Qxe1 Nxf4 26. gxf4 Qxf4 $19) 24... Nxf4 25. Qxf4 (25. gxf4 dxe5
26. Rxe5 Rxe5 27. fxe5 Qxh4 $19) 25... Qxf4 26. gxf4 Rab8 {[%cal Gb8b1]} 27.
Kf2 a4 {Schwarz hat unfraglichen Vorteil, aber technisch ist es wegen des
Doppelbauerns noch nicht leicht zu gewinnen. Ribli.} 28. Bf1 {[%cal Gf1c4,
Gc4g8]} (28. a3 Rb3 {[%csl Gb3]} 29. Ra1 dxe5 $17) 28... a3 {Schwarz fixiert
den weißen Bauern auf a2, der eine große Schwäche, besonders im Läuferendspiel
darstellt. Ribli.} 29. c4 (29. Bc4+ d5 (29... Kf8 30. Bb3 d5 31. c4 d4 $17) 30.
Bd3 g6 $17) 29... Rb2 {[%csl Gb2]} 30. Rxb2 axb2 31. Bd3 (31. Rb1 Rb8) 31...
Ra8 $1 32. Bxf5 (32. Bb1 Ra3 {[%cal Ra3f3]} (32... Ra4) 33. Re3 $17) 32... Rxa2
33. Rb1 Ra3 {[%cal Ra3f3]} 34. exd6 (34. Be4 Bxe4 35. fxe4 Rh3 $17 36. Rxb2 $2
Rh2+ $19) 34... Rxf3+ 35. Ke2 cxd6 36. Bd7 {Alle weißen Bauern sind schwach,
und Schwarz hat zudem Materialvorteil. Ribli.} (36. Rxb2 Rxf4 $19 {[%cal Rf4h4,
Rf4c4]}) 36... Be4 37. Rxb2 Rxf4 $19 {Schwarz muß mit zwei Bauern mehr und
Positionsvorteil gewinnen. Ribli.} 38. h5 Kf7 39. Ra2 Kf6 {[%csl Re2,Ge4,Gf4,
Gf6]} 40. Ra7 Rh4 41. Be8 Bf5 {Weiß gab in verlorener Stellung auf. Ribli.} (
41... Bf5 42. Rf7+ Ke5 43. Rxg7 Rxc4 $19 {Und mit zwei verbundenen Freibauern
gewinnt Schwarz leicht. Ribli.}) 0-1

[Event "Bundesliga 0506"]
[Site "Germany"]
[Date "2005.10.22"]
[Round "1.4"]
[White "Bischoff, Klaus"]
[Black "Timman, Jan H"]
[Result "1-0"]
[WhiteElo "2555"]
[BlackElo "2630"]
[Annotator "Ribli,Z"]
[PlyCount "79"]
[EventDate "2005.10.21"]
[EventType "team-tourn"]
[EventRounds "15"]
[EventCountry "GER"]
[SourceTitle "CBM 110"]
[Source "ChessBase"]
[SourceDate "2006.01.31"]
[SourceVersion "1"]
[SourceVersionDate "2006.01.31"]
[SourceQuality "1"]
[WhiteTeam "Tegernsee"]
[BlackTeam "Porz"]
[WhiteTeamCountry "GER"]
[BlackTeamCountry "GER"]

1. c4 e5 2. Nc3 Nf6 3. Nf3 Nc6 4. d3 {Das ist die Lieblingsvariante des
deutschen Großmeisters; mit diesem Zug hat er gegen Sakaev gewonnen (vor ca.
einem Monat).} Bb4 5. Bd2 O-O 6. e3 Re8 (6... d6 7. Be2 Bg4 8. O-O Re8 9. Qc2
Bc5 10. a3 a5 11. b3 Qd7 12. Rfd1 h6 13. Bc1 Bf5 14. Nd2 Ne7 15. Bb2 Ng6 16.
Nf1 Nh4 17. Ng3 {1-0 Bischoff,K-Dautov,R/playchess.com 2003/CB06 (65)}) 7. Be2
a5 (7... Bxc3 8. Bxc3 d5 9. cxd5 Nxd5 10. O-O (10. Rc1 Qd6 11. O-O Bg4 12. Qb3
Nb6 13. a3 Rad8 14. Rfd1 Qg6 15. Qc2 Nd5 16. b4 a6 17. Bb2 Rd6 18. Nh4 Qh5 19.
Bxg4 Qxg4 20. Nf3 Rg6 21. Ne1 Rd8 22. Qc4 {1-0 Bischoff,K-Aronian,L/playchess.
com 2004/CBM 99 ext (76)}) 10... Bg4 11. h3 Bh5 12. Qb3 Qd6 13. Rfd1 h6 14.
Rac1 a5 15. Be1 Nb6 16. a3 a4 17. Qb5 {1/2-1/2 Bischoff,K-Grischuk,A/Mainz
2005/(49)}) 8. O-O (8. b3 d5 9. cxd5 Nxd5 10. Qc1 Nxc3 11. Bxc3 Bg4 12. O-O Qd6
13. a3 Bc5 14. Rd1 Bb6 15. Qb2 f6 16. Nxe5 $1 $18 {1-0 Ribli,Z-Timman,J/
Amsterdam 1974/MCL (51)}) 8... d5 (8... d6 9. h3 h6 10. Rc1 e4 11. Ne1 exd3 12.
Nxd3 Bf5 13. Nf4 Ne5 14. Ncd5 Bxd2 15. Nxf6+ Qxf6 16. Qxd2 {1/2-1/2 Bischoff,
K-Meins,G/Bad Zwischenahn 2002/EXT 2003 (58)}) 9. cxd5 Nxd5 {Eine typische
Stellung in der Scheweninger Variante der Sizilianische Verteidigung, aber mit
vertauschten Farben.} 10. Qc2 Bg4 {Schwarz hat eine bequeme, gleiche Stellung
ohne Entwicklungsprobleme.} 11. h3 Bh5 12. a3 Bxc3 (12... Bf8 13. Ne4 $14) 13.
Bxc3 Qd6 14. Rfd1 (14. b3 Nxc3 15. Qxc3 Rad8 $11) 14... a4 15. Rac1 f5 {
[%cal Gf5f4,Ge5e4] Weiß hat das Läuferpaar, aber die schwarze Stellung ist
sicher; nachfolgend muss Weiß entweder mit e5-e4 oder f5-f4 rechnen.} 16. Be1
h6 17. Qc4 $1 Bf7 18. Qb5 {[%csl Gb5] Die Dame steht aktiv auf b5 und bietet
Weiß einige Initiative am Damenflügel.} Nb6 19. d4 e4 20. Nd2 Qd7 $6 {Mit
diesem Zug verteidigt sich Schwarz gegen 21.Nc4 (mit Tempo), aber die
Alternative 20...f4 wäre besser.} (20... Ra5 $2 21. Nxe4 $18 (21. Rxc6 $18)) (
20... f4 $36) 21. b4 $6 (21. Nc4 Nd5 (21... Bxc4 22. Bxc4+ Kh7 23. d5 Ne5 24.
Qxd7 Nbxd7 (24... Nexd7 25. Bb5 $16) 25. Bb5 $16) 22. Na5 Reb8 (22... f4 23.
Nxb7 $1 (23. Nxc6 bxc6 24. Qxc6 Qxc6 25. Rxc6 fxe3 26. fxe3 Nxe3 $132) (23.
exf4 Nxf4 24. Bg4 Qe7 25. Nxb7 h5 $132) 23... Reb8 24. Rxc6 Ra7 25. Rc5 c6 26.
Qxc6 Qxc6 27. Rxc6 Raxb7 28. exf4 Nxf4 29. Bf1 Rxb2 30. Bb4 $16) 23. Nxb7 Ra7
24. Qxc6 Qxc6 25. Rxc6 Raxb7 26. Rc5 Rxb2 27. Bc4 $16) 21... f4 $1 {Schwarz
beschäftigt sich nicht mit dem Damenflügel, sondern spielt auf Angriff.} (21...
axb3 $6 22. Nxb3 $16 {[%cal Gb3c5]}) 22. Qc5 (22. Nc4 f3 23. Nxb6 cxb6 24. Bf1
fxg2 25. Bxg2 Bd5 26. Qxb6 Re6 $1 $44 {[%cal Ge6g6,Gg6g1]}) (22. Bg4) 22... Nd5
23. Nc4 f3 {[%csl Gf3][%mdl 128]} 24. Bf1 (24. gxf3 Qxh3 $17) 24... fxg2 25.
Bxg2 Qf5 26. b5 Nce7 27. b6 $5 {Schwarz verfügt über eine gefährliche
Initiative am Königsflügel, Weiß möchte am Damenflügel seine Gegenchancen
bekommen.} Bh5 $6 {[%cal Gh5f3,Gf3g2,Gf3d1]} (27... cxb6 $1 28. Qb5 (28. Nxb6
Ra6 29. Nxd5 Nxd5 $19 {Und in folgendem kann Schwarz 30...Rg6 ziehen.}) (28.
Qd6 b5 29. Ne5 Red8 $1 30. Qc5 Bh5 $17) 28... Nxe3 $1 29. Qxf5 N3xf5 30. Nxb6
Ra6 31. Nd7 Bd5 $17) 28. bxc7 Bf3 $1 {[%csl Gf3,Rg1] Es droht 29...Qg5 oder 29.
..Qg6.} (28... Bxd1 29. Rxd1 $14) 29. Kh2 $8 Bxg2 30. Kxg2 Ng6 $2 {[%csl Rg2]
[%cal Gg6h4,Gg6f4]} (30... Rac8 $142 31. Ne5 (31. Nd6 Qg6+ 32. Kh2 Rxc7 $19)
31... Rxc7 32. Qb5 Rec8 33. Rxc7 Rxc7 34. Qxa4 Nc6) 31. Ne5 $2 (31. Kh2 $142 $1
) 31... Ngf4+ $1 (31... Rxe5 $2 32. c8=Q+ $18) (31... Nh4+ 32. Kh2 Nf3+ 33.
Nxf3 exf3 34. Qd6 $1) 32. exf4 Nxf4+ 33. Kg3 $8 Ne2+ $4 {[%mdl 8192] Der
Springer geht weg von f4 - dieses Schach verliert die Partie.} (33... Rf8 $1
34. Ng4 (34. Qc4+ $6 Kh7 35. Ng4 Qh5 36. Qf1 Nxh3 37. Rc3 (37. Qe2 Rf3+ (37...
Nf4 $2 38. Nf6+ Rxf6 39. Qxh5 Nxh5+ 40. Kh2 $18) (37... Kh8) 38. Qxf3 exf3 39.
Bd2 (39. c8=Q Rxc8 40. Rxc8 Ng1 $19) 39... Nxf2 40. Nxf2 Qg6+ 41. Kxf3 Rf8+ 42.
Bf4 Qf5 43. Nd3 g5 $36) 37... Nf4 38. f3 g5 $40) 34... Ne2+ 35. Kg2 Qf3+ 36.
Kh2 Qf4+ (36... Nf4 $4 37. Qc4+ Kh7 38. Qf1 $18) 37. Kg2 Qf3+ $11) 34. Kh2 $18
{Jetzt befindet sich der weiße König in Sicherheit.} Kh7 (34... Nxc1 35. Rxc1
Qf4+ 36. Kh1 $18) 35. Rc3 {[%cal Gc3g3]} Qf4+ 36. Rg3 {[%csl Ge1,Gf2,Gg3]} Rf8
37. Qc2 Nxg3 38. fxg3 Qe3 39. Nc4 Qf3 40. Nd6 1-0

[Event "Beersheba"]
[Site "Beersheba"]
[Date "1993.??.??"]
[Round "1"]
[White "Chernin, Alexander"]
[Black "Mikhalevski, Victor"]
[Result "1-0"]
[WhiteElo "2615"]
[BlackElo "2380"]
[Annotator "Ribli,Z"]
[PlyCount "83"]
[EventDate "1993.??.??"]
[EventType "tourn"]
[EventRounds "11"]
[EventCountry "ISR"]
[EventCategory "12"]
[SourceTitle "CBM 038"]
[Source "ChessBase"]
[SourceDate "1994.02.01"]
[SourceVersion "1"]
[SourceVersionDate "1994.02.01"]
[SourceQuality "1"]

1. c4 Nf6 2. Nc3 e5 3. Nf3 Nc6 4. a3 e4 5. Ng5 Qe7 6. d3 exd3 7. Qxd3 Ne5 8.
Qc2 h6 $6 (8... c6 {Nogueiras,J-Vilela,JL/Capablanca/1993/CBM36/}) (8... d6 $5
{Korschnoj,V-Ivanchuk,V/Roquebrune/1992/CBM28/}) 9. Nge4 Nxe4 10. Nd5 $1 Qd6
11. Qxe4 c6 12. Ne3 (12. f4 cxd5 13. cxd5 f6 14. fxe5 Qxe5 15. Qxe5+ fxe5 $10)
12... Qe6 13. g3 d6 14. Bg2 g6 (14... Be7 $5) 15. f4 f5 (15... Ng4 $2 16. Nxg4
Qxe4 17. Nf6+ $18) 16. Qd4 Nf7 17. Bd2 Rg8 18. O-O Bg7 19. Qd3 Bd7 (19... Bxb2
20. Rab1 Bf6 21. Nc2 Kf8 22. Nd4 $44) 20. Rab1 Bf6 21. Nc2 Kf8 22. e4 Re8 23.
Rfe1 c5 24. b4 b5 (24... b6 25. bxc5 bxc5 26. Rb7 $16) 25. cxb5 c4 26. Qe3 fxe4
27. Nd4 Qd5 28. Bc3 g5 29. Rbd1 Bg4 30. Ne2 Qf5 31. Bxf6 gxf4 $2 (31... Qxf6
32. Rf1 $36) 32. Qxf4 Qxf4 33. Nxf4 Bxd1 34. Rxd1 e3 35. Bf3 Ng5 36. Bxg5 hxg5
37. Ne2 Rg7 38. a4 Rf7 39. Bh5 Rf2 40. Bxe8 Kxe8 41. Re1 Kd7 42. Nc3 1-0

[Event "Bundesliga 0506"]
[Site "Germany"]
[Date "2006.02.19"]
[Round "11.4"]
[White "Wintzer, Joachim"]
[Black "Pelletier, Yannick"]
[Result "0-1"]
[WhiteElo "2324"]
[BlackElo "2583"]
[Annotator "Ribli,Z"]
[PlyCount "40"]
[EventDate "2005.10.21"]
[EventType "team-tourn"]
[EventRounds "15"]
[EventCountry "GER"]
[SourceTitle "CBM 112"]
[Source "ChessBase"]
[SourceDate "2006.06.07"]
[SourceVersion "1"]
[SourceVersionDate "2006.06.07"]
[SourceQuality "1"]
[WhiteTeam "Kirchheim"]
[BlackTeam "Werder Bremen"]
[WhiteTeamCountry "GER"]
[BlackTeamCountry "GER"]

1. c4 Nf6 2. Nc3 e5 3. Nf3 Nc6 4. e3 Bb4 5. Qc2 Bxc3 $5 6. Qxc3 Qe7 7. a3 d5 8.
d4 (8. cxd5 Nxd5 9. Qb3 (9. Qc2 e4) 9... Nb6 10. d3 a5 $11) 8... exd4 9. Nxd4
Nxd4 10. Qxd4 O-O 11. b4 $2 {Ein optimistischer Zug, wonach Schwarz
ausgezeichnetes Spiel erhält. Die beste Möglichkeit für Weiß ist
wahrscheinlich 11.Be2 oder 11.Bd2.} (11. cxd5 Rd8 12. Bc4 Nxd5 13. Bxd5 Be6 14.
Qb4 Qxb4+ 15. axb4 Bxd5 16. f3 Bb3 17. Kf2 {1/2-1/2 Christensen,T-Brynell,S/
Rethymnon 2003/(32)}) (11. c5 b6 $5 12. b4 bxc5 13. bxc5 Qe6 14. Bd3 Ba6 $1 15.
Bc2 Qc6 16. Bb2 Rab8 17. Bc3 Rfe8 18. g4 $13 {1/2-1/2 Onischuk,A-Shirov,A/New
Delhi/Theran 2000/CBM 81/[Ribli] (54)}) (11. Be2 c5 12. Qh4 Be6 13. cxd5 Bxd5
14. f3 Qe6 15. O-O Rfd8 16. e4 Nd7 $5 {[/\17...Bc4]} 17. Be3 Bc4 18. Bxc4 Qxc4
19. Rad1 f6 $1 {[/\20...Ne5<=>]} 20. Bf4 {1/2-1/2 Onischuk,A-Gurevich,M/
Polanica Zdroj 1999/CBM 73/20)}) (11. Bd2 Rd8 12. Bb4 Qe8 13. c5 Bd7 14. Bd3
Bb5 15. Bc2 b6 16. a4 Ba6 17. f3 bxc5 18. Bxc5 Nd7 19. Kf2 Nxc5 20. Qxc5 Rd6
21. Rac1 d4 22. exd4 Qe2+ 23. Kg3 Bd3 24. Bxd3 Qxd3 25. h3 Qd2 {1/2-1/2
Chernin,A-Bareev,E/Panormo 82/(22) 2001 (25)}) 11... dxc4 (11... a5 12. c5 axb4
13. axb4 Rxa1 14. Qxa1 Qe4 15. Qb2 Re8 16. f3 Qg6 17. Kf2 Qf5 18. Bb5 c6 19.
Ba4 Ng4+ 20. Kg3 Nxe3 21. h4 {1/2-1/2 Veinger,I-Birnboim,N/Jerusalem 1986/MCL 
(59)}) 12. Bxc4 Rd8 13. Qh4 $4 {[%mdl 8192] Weiß verlässt den
Hauptkriegsschauplatz und der Damenflügel ist ohne Verteidigung.} (13. Qc3 Ne4
14. Qb3 Qg5 15. Rg1 Nxf2 16. Bd2 Bf5 17. Rf1 Nd3+ 18. Bxd3 Rxd3 19. Qc4 Rad8
20. Rd1 Be6 21. Qxc7 Qxg2 {0-1 Chaves,J-Lucena,L/Brasilia 1982/EXT 2002 (21)})
{[#]} 13... b5 $19 {Schwarz kann diese Zug "gratis" spielen, denn Weiß hat
keine Verteidigung mehr (nach 13. Zügen!), aber der sofortige Damenzug 13...
Qe5 gewinnt auch.} (13... Qe5 $19 {[%csl Ra1,Rc4][%cal Re5a1,Rc3e1]}) 14. Be2 (
14. Bxb5 Qe5 $19 {[%cal Re5b5,Re5a1]}) 14... Qe5 15. Ra2 (15. Rb1 Qc3+ 16. Kf1
Qc2 $19 {[%cal Rd8d1,Rd1f1,Rc2b1]}) 15... Qc3+ 16. Bd2 Qb3 17. Ra1 Rxd2 $1 {
[%mdl 512] Das ist der einfachste Weg zum Gewinn - Schwarz opfert die Qualität
für siegreichen Angriff.} (17... Bf5 $19) 18. Kxd2 Qb2+ 19. Kd3 Bf5+ 20. e4
Rd8+ (20... Bxe4+ 21. Ke3 Re8 $19) (20... Rd8+ 21. Ke3 Nd5+ $5 (21... Qd2+ 22.
Kf3 g5 $19) 22. Kf3 (22. exd5 Re8+ 23. Kf4 Qe5+ 24. Kf3 Qc3+ (24... Be4+) 25.
Kf4 Re4+ $19) 22... Qc3+ $19) 0-1

[Event "URS-sf"]
[Site "Daugavpils"]
[Date "1989.??.??"]
[Round "?"]
[White "Lukin, Andrei M"]
[Black "Epishin, Vladimir"]
[Result "1/2-1/2"]
[WhiteElo "2445"]
[BlackElo "2460"]
[Annotator "Ribli,Z"]
[PlyCount "36"]
[EventDate "1989.11.??"]
[EventType "tourn"]
[EventRounds "15"]
[EventCountry "URS"]
[EventCategory "9"]
[SourceTitle "CBM 016"]
[Source "ChessBase"]
[SourceDate "1990.06.01"]
[SourceVersion "1"]
[SourceVersionDate "1990.06.01"]
[SourceQuality "1"]

1. c4 e5 2. Nc3 Nf6 3. Nf3 Nc6 4. e3 Bb4 5. Qc2 Bxc3 6. Qxc3 Qe7 7. a3 d5 8. d4
exd4 9. Nxd4 Nxd4 10. Qxd4 c5 11. Qh4 dxc4 12. Bxc4 O-O 13. O-O Be6 (13... Rd8
$5 14. b3 Qe5 15. Rb1 Qe4 16. Qxe4 Nxe4 17. Rb2 Be6 18. Bxe6 fxe6 19. f3 Nf6
20. e4 Rd7 {Hansen,C-Petursson,M  Esboo zt 1989 CBM/14  =}) 14. b3 {14,Bxe6?!,
Qxe6 15.b4?,c4!  =/+ Bagirov-Makarichev URS ch 1978 26/34} Bxc4 15. Qxc4 Rfd8
16. Bb2 Rd2 17. Bxf6 Qxf6 18. Rad1 {18.Qxc5,Rxf2! 19.Rxf2,Qxa1+ 20.Rf1,Qb2  =}
Rxd1 1/2-1/2

[Event "ISL-FRA"]
[Site "Reykjavik"]
[Date "1993.??.??"]
[Round "10"]
[White "Renet, Olivier"]
[Black "Petursson, Margeir"]
[Result "0-1"]
[WhiteElo "2535"]
[BlackElo "2560"]
[Annotator "Ribli,Z"]
[PlyCount "64"]
[EventDate "1993.??.??"]
[EventType "schev"]
[EventRounds "10"]
[EventCountry "ISL"]
[SourceTitle "CBM 035"]
[Source "ChessBase"]
[SourceDate "1993.08.01"]
[SourceVersion "1"]
[SourceVersionDate "1993.08.01"]
[SourceQuality "1"]

1. c4 e5 2. Nc3 Nf6 3. Nf3 Nc6 4. d3 Bb4 5. Bd2 O-O 6. g3 (6. e3 $5 {
Polugaevsky,L-Haik,A/Haifa/1989/INF48,23/}) 6... Nd4 (6... Re8 {Savchenko,
S-Romanishin,O/Helsinki-op/1992/CBM32/}) 7. Bg2 (7. Nxe5 $2 Qe7 $17) 7... Nxf3+
8. Bxf3 a5 9. O-O c6 10. Bg2 h6 (10... d5 $2 11. cxd5 cxd5 12. Bg5 $14) 11. a3
Be7 12. Qb3 d6 13. Be3 Nd7 14. d4 Qb6 15. Qd1 (15. Qxb6 $5 Nxb6 16. b3 Nd7 17.
d5 $14) 15... Qc7 16. Qc2 (16. Rc1 $5 f5 17. f4 Nf6 18. Kh1 Be6 19. d5 $14)
16... f5 17. f4 Nf6 18. Kh1 Be6 19. fxe5 $6 (19. b3) 19... dxe5 20. dxe5 Ng4
21. Bg1 Qxe5 $15 22. e4 f4 $1 $36 23. gxf4 Rxf4 24. Rxf4 Qxf4 25. Rf1 Qg5 26.
Ne2 Rf8 $1 27. Rxf8+ Bxf8 28. Nd4 Bf7 29. Nf3 Qf4 $17 30. Qe2 Ne5 31. c5 $2 (
31. Nxe5 Qxe5 $17) 31... Bh5 32. Qd2 Qxf3 $1 0-1